Nationality of Top 20 Tennis Players - Statistics

General Stats
  • This quiz has been taken 2,633 times
  • The average score is 27 of 40
Answer Stats
# Player Nationality % Correct
1 Novak Djoković Serbia
99%
2 Rafael Nadal Spain
99%
3 Roger Federer Switzerland
96%
4 Juan Martín del Potro Argentina
90%
5 Alexander Zverev Germany
89%
15 Stefanos Tsitsipas Greece
86%
9 Kei Nishikori Japan
86%
16 Daniil Medvedev Russia
86%
13 Fabio Fognini Italy
85%
10 John Isner United States
85%
12 Karen Khachanov Russia
82%
7 Marin Čilić Croatia
81%
8 Dominic Thiem Austria
78%
5 Naomi Osaka Japan
78%
19 Grigor Dimitrov Bulgaria
76%
17 Diego Schwartzman Argentina
74%
11 Borna Ćorić Croatia
74%
6 Kevin Anderson South Africa
72%
14 Kyle Edmund United Kingdom
71%
18 Milos Raonic Canada
70%
2 Angelique Kerber Germany
70%
20 Marco Cecchinato Italy
70%
6 Sloane Stephens United States
69%
1 Simona Halep Romania
64%
16 Serena Williams United States
64%
20 Qiang Wang China
58%
15 Madison Keys United States
58%
3 Caroline Wozniacki Denmark
57%
4 Elina Svitolina Ukraine
57%
7 Petra Kvitová Czech Republic
54%
10 Daria Kasatkina Russia
51%
18 Ashleigh Barty Australia
50%
8 Karolína Plíšková Czech Republic
50%
17 Garbiñe Muguruza Spain
50%
11 Aryna Sabalenka Belarus
48%
13 Elise Mertens Belgium
45%
19 Caroline Garcia France
38%
9 Kiki Bertens Netherlands
36%
14 Julia Görges Germany
34%
12 Anastasija Sevastova Latvia
23%
No matching quizzes found
Score Distribution
Percent of People with Each Score
Percentile by Number Answered
Your Score History
You have not taken this quiz